Scientists With Elements Named After Them - Statistics

General Stats
  • This quiz has been taken 100 times
    64 since last reset
  • The average score is 10 of 16
Answer Stats
Symbol Scientist % Correct
Es Albert Einstein
96%
Rf Ernest Rutherford
91%
Cm Marie Curie
89%
No Alfred Nobel
87%
Fm Enrico Fermi
87%
Md Dmitri Mendeleev
81%
Bh Niels Bohr
81%
Lr Ernest Lawrence
68%
Rg Wilhelm Röntgen
68%
Sg Glenn Seaborg
62%
Cn Nicolaus Copernicus
55%
Mt Lise Meitner
49%
Gd Johan Gadolin
47%
Og Yuri Oganessian
21%
Sm Vasili Samarsky-Bykhovets
11%
Fl Georgy Flyorov
6%
No matching quizzes found
Score Distribution
Percent of People with Each Score
Percentile by Number Answered
Your Score History
You have not taken this quiz since the last reset